[Event "Metz op 31th"]
[Site "Metz"]
[Date "2013.04.20"]
[Round "1"]
[White "Maiorov, Nikita"]
[Black "Klek, Hanna Marie"]
[Result "1-0"]
[WhiteElo "2535"]
[BlackElo "2332"]
[Annotator "Metz Alekhine/Primel,D"]
[PlyCount "75"]
[EventDate "2013.04.20"]
[EventType "swiss"]
[EventRounds "9"]
[EventCountry "FRA"]
[SourceTitle "EXT 2016"]
[Source "ChessBase"]
[SourceDate "2015.10.08"]
[SourceVersion "1"]
[SourceVersionDate "2015.10.08"]
[SourceQuality "1"]
[TimeControl "40/5400:1800+30"]
[WhiteClock "1:30:00"]
[BlackClock "1:30:00"]

1. d4 d5 2. c4 e6 3. Nc3 Be7 4. cxd5 exd5 5. Bf4 Nf6 6. e3 Bf5 7. Nge2 (7. Bd3
Bxd3 8. Qxd3 c6 9. Nge2 Na6 10. O-O Nc7 11. f3 Ne6 12. Bg3 O-O 13. Rad1 Qb6 14.
Bf2 Rad8 15. Rd2 Rd7 16. h3 Qd8 17. Qc2 Nh5 18. Nc1 Bh4 19. Nd3 Bxf2+ 20. Rdxf2
Re7 21. g4 Nf6 22. Rg2 Rfe8 23. Nd1 Nd7 24. f4 Qb6 25. g5 f5 26. gxf6 Nxf6 27.
N1f2 Nf8 28. Ne5 N8d7 29. Nfd3 Ne4 30. Kh2 Nxe5 31. fxe5 Qd8 32. Nf4 Rf8 33.
Rfg1 Qe8 34. Qe2 Rf5 35. Qg4 Rg5 36. Qf3 Rxg2+ {Grachev,B (2683)-Berkes,F 
(2687) Denizli 2013 1-0 (66)}) 7... O-O 8. Rc1 c6 9. Ng3 Bg6 (9... Be6) 10. h4
{91} h6 (10... h5 $143 {[%csl Rg5]}) 11. h5 Bh7 12. Bd3 {Le plan des Blancs
ressemble beaucoup à celui de la variante Bf5 de la Caro-Kann} Bxd3 13. Qxd3
Bd6 14. Bxd6 Qxd6 15. Nf5 $14 {[%cal Gf5d6,Gf5g7,Gf5h6] 91} Qe6 16. f3 {
[%cal Ge3e4] Mène à une Caro-Kann "améliorée" puisque les Blancs peuvent
conserver un P au centre après l'échange de4} Nbd7 17. Kf2 {89 Le GMI
continue de jouer à tempo mais il ne s'agissait pas d'une préparation
puisqu'il s'agissait d'une première ronde.} c5 $146 (17... Ne8 18. g4 Nd6 19.
Rcg1 Rae8 20. Nxd6 Qxd6 21. g5 Kh8 22. Ne2 c5 23. gxh6 gxh6 24. dxc5 Qxc5 25.
Rc1 Qd6 26. Qd4+ Nf6 27. Nc3 Qe5 28. Rcd1 Rg8 29. Qxe5 Rxe5 30. Rd4 Rge8 31.
Rd3 Kg7 32. b3 Rc8 33. a4 a6 34. f4 Re7 35. Kf3 Rc6 36. Rg1+ Kf8 37. Nxd5 Rd7
38. Rgd1 Nxh5 39. e4 Nf6 40. Nxf6 Rxd3+ 41. Rxd3 Rxf6 42. e5 Rb6 43. Kg4 Ke7
44. Kf5 Rb4 45. Rc3 Kd7 46. Rd3+ Ke7 47. Rc3 {Kharitonov,A (2552)-Rychagov,A 
(2568) Moscow 2010 1/2-1/2}) 18. g4 $5 {86} cxd4 $6 {Un coup naturel mais qui
permet la centralisation de la Q Blanche et la partie semble basculer avec
cette petite faute.} (18... c4 $142 19. Qd2 a6 $132 {[%cal Gb7b5,Gb5b4]}) 19.
Qxd4 Ne5 20. Nb5 $14 {[%cal Gb5c7,Gb5a7,Gc1c7] 74} Nc6 21. Rxc6 $1 {52} bxc6
22. Nc7 c5 23. Nxe6 cxd4 24. Nxf8 dxe3+ 25. Kxe3 {52} Kxf8 {La finale est
difficile pour l'allemand car les Blancs vont centraliser le K et le Nf5 fait
pression sur les faiblesses de l'aile-roi} 26. Rc1 $36 Ne8 27. Kd4 {[%csl Ga2,
Ra7,Ra8,Gb2,Gc1,Rc7,Gd4,Re8,Gf5,Rf8,Rg7,Rh6] C'est presque perdant pour les
Noirs qui sont ligotés} Rd8 28. b4 $40 {[%csl Ga2,Gb4]} (28. Rc6 $5 {[%csl
Gd6] Les Noirs sont proches du zugzwang} Nf6 29. Nxh6) 28... Rd7 $6 29. Rc8 $1
$18 {[%csl Gc8,Re8,Rf8]} f6 30. b5 Kf7 31. Kc5 Rc7+ 32. Rxc7+ Nxc7 33. a4 (33.
Kc6) 33... g6 34. Nd6+ Kg7 35. a5 f5 36. Kc6 fxg4 37. fxg4 Ne6 38. Kxd5 1-0

[Event "Thessaloniki FIDE GP"]
[Site "Thessaloniki"]
[Date "2013.05.22"]
[Round "1"]
[White "Svidler, Peter"]
[Black "Bacrot, Etienne"]
[Result "1-0"]
[WhiteElo "2769"]
[BlackElo "2725"]
[Annotator "Mikhalchishin,A"]
[PlyCount "54"]
[EventDate "2013.05.22"]
[EventType "tourn"]
[EventRounds "11"]
[EventCountry "GRE"]
[EventCategory "21"]
[SourceTitle "CBM 155"]
[Source "ChessBase"]
[SourceDate "2013.07.16"]
[SourceVersion "1"]
[SourceVersionDate "2013.07.16"]
[SourceQuality "1"]

1. d4 d5 2. c4 e6 3. Nc3 Nf6 4. cxd5 Nxd5 {With this move Black avoids the
Exchange Variation of the QGD (arising after 4...exd5) and shows that he is
ready to play the Semi-Tarrasch, or as it was known in the USSR, the Improved
Tarrasch Defence. Many players simply hate the Karlsbad structures.} 5. e4 Nxc3
6. bxc3 c5 7. Rb1 $5 {This is a very interesting idea to avoid the theoretical
lines. Svidler had another idea here too:} (7. a3 cxd4 8. cxd4 e5 9. Nf3 exd4
10. Qxd4 Qxd4 11. Nxd4 Be7 12. Be3 O-O 13. Bc4 Nd7 14. Ke2 Nb6 15. Bb3 Bd7 16.
Nf5 $36 {Svidler-Kramnik, London 2013.}) (7. Nf3 cxd4 8. cxd4 Bb4+ 9. Bd2 Bxd2+
10. Qxd2 O-O 11. Rc1 b6 12. Bd3 Bb7 13. O-O Nd7 14. Qe3 Rc8 15. e5 Bxf3 16.
Qxf3 Qh4 17. Qe3 Rfd8 18. f4 Nf8 19. Rxc8 Rxc8 20. f5 exf5 21. Bxf5 Rd8 22. Rd1
$16 {Aronian-Kramnik, Paris/St Petersburg 2013.}) ({The main line here is} 7.
Nf3 cxd4 8. cxd4 Nc6 9. Bc4 {and the great Fischer move, which became very
fashionable after the match against Spassky,} b5 $5) 7... cxd4 8. cxd4 Nc6 9.
Bb5 a6 10. Bxc6+ bxc6 11. Nf3 ({A weaker move was played many years ago:} 11.
Be3 $6 a5 $1 12. Ne2 Bb4+ 13. Bd2 c5 14. a3 Bxd2+ 15. Qxd2 cxd4 16. Qxd4 O-O
$15 {Gaertner-Teske, Panormo 2001.}) 11... c5 $1 {It is necessary to get rid
of the weakness on c6 and the "bad" bishop on c8.} ({Houdini gives the line} 
11... Qa5+ 12. Qd2 ({In fact, White can also sacrifice a pawn by playing} 12.
Bd2 Qxa2 13. O-O) 12... Qa4 13. O-O a5 {.} 14. Qf4 {but White has a huge
initiative here.}) 12. O-O Be7 13. Be3 ({Houdini recommends} 13. Bf4 {but I
don't see much point in that move after} O-O) 13... cxd4 14. Nxd4 Bd7 ({
Black would like to castle, of course, but after} 14... O-O 15. Nc6 Qc7 {
he has to deal with rather dangerous-looking variations, for example:} 16. Qc1
({Perhaps White could do even better by playing} 16. Qa4 $1 Bd6 17. e5 Bxe5 18.
Bb6 Bxh2+ 19. Kh1 Qd7 20. Rfd1 Bd6 21. Rxd6 Qxd6 22. Rd1 Qxd1+ 23. Qxd1 Bb7 24.
Ne7+ Kh8 25. Qg4 {The queen and the knight should be stronger than two rooks
and two pawns as White can create an attack.}) 16... Bd6 17. Rd1 Bxh2+ 18. Kh1
Bb7 19. Rxb7 Qxb7 20. Kxh2 Rac8 21. Rd6 Rc7) 15. Qg4 O-O ({Black can't afford
to play} 15... e5 $6 16. Nf5 g6 {as after} 17. Bb6 gxf5 $6 18. exf5 Qc8 19.
Rfc1 Bc6 20. Qg7 $18 Rf8 21. Qxe5 $18 {he would be doomed.}) 16. Rfd1 {Black's
problem in this position is that his rooks are far less active than their
counterparts. White threatens to get an attack on the kingside. The presence
of pawns on the a-file also suits White as the a6-pawn could become a target.}
Qe8 $6 ({Black had to play} 16... Qa5 {keeping his queen more active. He
should be able to overcome his minor problems then.}) 17. e5 $1 {[%cal Ge3h6]}
Kh8 18. h3 $5 {This is a nice little move - maybe one day White will need an
escape square for his king!} ({Houdini has a slight preference for} 18. Rb6 {
but I like Peter's approach!}) 18... Rb8 19. Qe4 h6 20. Rdc1 Qd8 $6 21. Rb7 Ba3
$2 {This is a strange move as Black forces his opponent in the right direction.
} (21... Rc8 $142) 22. Rc3 (22. Rcc7 $142 $1) 22... Be7 ({White would be
better after} 22... Rxb7 23. Qxb7 Qa5 24. Rxa3 Qxa3 25. Qxd7 Qxa2 26. Qe7 {
but this what Black had to settle for.}) 23. Rcc7 Bc8 $2 ({After} 23... Rxb7
24. Qxb7 Bc8 {White can choose between} 25. Rxc8 ({and} 25. Qa7 {which Houdini
prefers. It seems that programs don't value B+N vs. R enough, particularly as
queens are still on the board.}) 25... Qxc8 26. Qxe7) 24. Ra7 $18 Ba3 25. Rxf7
Rxf7 26. Rxf7 Qg8 27. Qf3 Bb2 {and Black resigned, not waiting for 28.Rf8.} 1-0

[Event "Wch U20 52nd"]
[Site "Kocaeli"]
[Date "2013.09.21"]
[Round "8"]
[White "Sethuraman, SP."]
[Black "Ipatov, Alexander"]
[Result "0-1"]
[WhiteElo "2553"]
[BlackElo "2601"]
[Annotator "Mikhalchishin,A"]
[PlyCount "58"]
[EventDate "2013.09.13"]
[EventType "swiss"]
[EventRounds "13"]
[EventCountry "TUR"]
[SourceTitle "CBM 157"]
[Source "ChessBase"]
[SourceDate "2013.11.12"]
[SourceVersion "1"]
[SourceVersionDate "2013.11.12"]
[SourceQuality "1"]

1. d4 d5 2. c4 e6 3. Nc3 Be7 4. cxd5 exd5 5. Bf4 c6 6. e3 Nf6 7. Bd3 Bg4 8.
Nge2 ({Very interesting is the immediate pawn roll} 8. f3 Bh5 9. g4 Bg6 10. h4
Bd6 11. Nge2 Bxd3 12. Qxd3 Na6 13. h5 (13. O-O-O Qe7 14. Kb1 O-O-O 15. g5 Nh5
16. Bxd6 Rxd6 17. e4 dxe4 18. fxe4 f6 19. gxf6 Rxf6 20. e5 {The white centre
starts to roll, De Francesco,K (2353)-Knechtel,R (2222)/Austria 2012}) 13...
Bxf4 14. Nxf4 Qe7 15. O-O-O O-O-O 16. Kb1 Nc7 17. g5 Nd7 18. g6 hxg6 19. hxg6
Rxh1 20. Rxh1 Re8 21. Nd1 fxg6 22. Qxg6 Rf8 23. Rg1 {White's pressure is more
realistic, Ionov,S (2510)-Beliavsky,A (2655)/Azov 1991}) 8... Bh5 9. f3 (9. O-O
{is too tame:} Bg6 10. Rb1 Nbd7 11. b4 a6 12. a4 O-O 13. b5 axb5 14. axb5 Nb6
15. Nc1 Nc4 16. bxc6 bxc6 17. Rb7 Bd6 18. Bxd6 Nxd6 19. Rb3 Qa5 {White
achieved nothing, Beliavsky,A (2605)-Liang Jinrong (2445)/Novi Sad 1990/}) 9...
Bg6 10. e4 {An interesting pawn break in the centre.} ({A not so ambitious way
was possible too:} 10. Ng3 Nbd7 11. h4 Nh5 12. Nxh5 Bxh5 13. Qc2 Bg6 14. O-O-O
Bxd3 15. Qxd3 Nb6 16. Kb1 Qd7 17. e4 O-O 18. g4 Rae8 19. Ne2 f6 20. g5 {
Kazhgaleyev,M (2561)-Rausis,I (2466)/France 2002. The position is unclear, but
I would prefer White.}) 10... O-O ({Here} 10... dxe4 {has been tried:} 11. fxe4
O-O 12. O-O Na6 13. Kh1 Rc8 14. Be3 c5 15. d5 c4 16. Bb1 Ng4 17. Bd4 Bd6 18. h3
Nc5 19. b4 cxb3 20. axb3 {and it is not easy to attack the white centre,
Smirnov,A (2368)-Vulfson,V (2417)/St Petersburg 2003/}) 11. e5 Ne8 12. Be3 ({
Many players would prefer after gaining space just to go for a calm plan with
short castling:} 12. Bxg6 hxg6 13. O-O) 12... Qd7 ({It would be more
positional to play} 12... Nd7 13. f4 Bxd3 14. Qxd3 f5 {and then try to block
the centre after Ne8-c7-e6.}) 13. h4 $5 {Full forward, but still there was the
more pragmatic} (13. O-O) 13... Nc7 14. h5 Bxd3 15. Qxd3 f6 $1 {Just in time -
without this counterstrike in the centre White's attack threatened to be very
unpleasant.} 16. f4 ({There was very sharp play with good chances for Black
after} 16. exf6 Bxf6 17. O-O-O Nba6 18. g4 Rae8 19. Kb1 b5) 16... fxe5 17. dxe5
({White's play would be very limited after the other capture} 17. fxe5 Nba6 18.
O-O-O Qg4 {But now the black centre starts rolling.}) 17... c5 18. O-O-O ({
Safer for White would be} 18. Rd1 d4 19. Ne4 Qg4 20. Bf2 Nc6) 18... d4 19. Ne4
({White would not enjoy the clearly worse endgame after} 19. Qc4+ Qe6 20. Qxe6+
Nxe6 21. Nd5 Nc6 22. Bd2 Rad8) 19... Qe6 $1 {Avoiding the pin and starting his
own attack.} 20. Bd2 Qxa2 21. f5 Nc6 $1 {This powerful counterstrike decides
the game.} 22. N2c3 ({White finally realised that the attack he has prepared
is easily refuted:} 22. f6 Nxe5 23. Qg3 Bxf6 24. Nxf6+ Rxf6 25. Qxe5 Rb6) 22...
dxc3 23. Bxc3 Rad8 24. Nd6 Bg5+ 25. Kc2 Na6 26. Qe4 c4 27. Nxc4 Qa4+ 28. b3
Qxb3+ 29. Kxb3 Nc5+ 0-1

[Event "Chicago op 13th"]
[Site "Chicago"]
[Date "2004.05.30"]
[Round "4"]
[White "Mikhalevski, Victor"]
[Black "Formanek, Edward W"]
[Result "1-0"]
[WhiteElo "2550"]
[BlackElo "2304"]
[Annotator "Mikhalevski,V"]
[PlyCount "47"]
[EventDate "2004.05.28"]
[EventType "swiss"]
[EventRounds "7"]
[EventCountry "USA"]
[SourceTitle "CBM 101"]
[Source "ChessBase"]
[SourceDate "2004.07.27"]
[SourceVersion "1"]
[SourceVersionDate "2004.07.27"]
[SourceQuality "1"]

1. d4 d5 2. c4 c6 3. Nf3 Nf6 4. Nc3 e6 5. Bg5 Nbd7 6. cxd5 exd5 7. e3 Bd6 8.
Bd3 Nf8 {A relatively rare line. Black brings the knight to g6 before castling
trying this way to save a tempo for Re8.} ({The main line is} 8... O-O) 9. Ne5
{During the game I was unfamiliar with this idea, but managed to find it. The
point is to strengthen the knight on a nice square e5 before Black plays Ng6.}
Ng6 10. f4 Be7 {A new move. Black unpins the f6-knight in order to trade the
e5-knight.} ({In the earlier games Black tested} 10... O-O 11. Qc2 c5 12. O-O-O
cxd4 13. exd4 h6 14. Bxf6 Qxf6 15. Nxd5 {White won a pawn and eventually won
the game. 1-0 Eljanov,P-Sharapov,E/Evpatoria 2002/EXT 2003 (61). (60)}) ({and} 
10... Qb6 11. Qc2 O-O 12. Bxf6 gxf6 13. Nf3 Re8 14. Kf2 Bg4 15. Rhe1 Rac8 16.
g3 Kg7 17. Rac1 Qd8 18. Bf5 Bxf3 19. Kxf3 $16 {and Karpov has transformed his
positional advantage into a win. 1-0 Karpov,A-Ricardi,P/Buenos Aires 2001/CBM
85 (44)}) 11. Qf3 ({Probably it would be more flexible to start with} 11. O-O)
11... Nd7 $5 {Black's trying to simplify the position.} ({He could also start
with} 11... O-O) 12. O-O $5 {This way White finishes development and sets a
hidden trap.} O-O {After a long thought Formanek decides to avoid
complications. And rightly so.} (12... Bxg5 $2 {would allow a nice combination.
} 13. Nxf7 $1 Kxf7 14. fxg5+ Ke7 (14... Ke6 15. Bxg6 hxg6 16. Qf7+ Kd6 17.
Qxg6+ {transposes into 14...Ke7.}) 15. Bxg6 $1 (15. Qf7+ $5 Kd6 16. Bxg6 Rf8 (
16... hxg6 17. Qxg6+ Kc7 18. Nxd5+ $1 cxd5 19. Rac1+ Kb8 (19... Nc5) 20. Qd6+)
17. Qxg7 hxg6 18. Qxg6+ Ke7 19. e4 $36 ({White can always repeat the moves by
means of} 19. Qg7+ Kd6 20. Qg6+)) 15... Rf8 ({During the game I've calculated
the following line} 15... hxg6 16. Qf7+ Kd6 17. Qxg6+ Kc7 18. Nxd5+ $1 cxd5 19.
Rac1+ Nc5 (19... Kb8 $4 20. Qd6+) 20. Rxc5+ Kb8 21. Qxg7 {with a decisive
advantage.}) 16. Bf7 Ne5 $1 (16... Nb6 17. Qh5 $1) 17. dxe5 Be6 18. Qf4 Rxf7
19. Qb4+ Ke8 20. Rxf7 Bxf7 21. Qxb7 {and White's advantage should be
sufficient for the win.}) 13. Bxe7 {Allows an intermediate move which occuried
in the game.} (13. Nxd7 {looks like a more precise move order.} Bxd7 ({or} 
13... Qxd7 14. Bxe7 Nxe7 15. f5) 14. Bxe7 Nxe7 (14... Qxe7 $6 15. f5 Nh4 16.
Qf4 {[%csl Rh4]}) 15. f5 $14) 13... Ndxe5 $5 14. fxe5 (14. Bxd8 {seems to
yield some advantage, but for some mysterious reason I wanted to keep the
queens.} Nxf3+ 15. Rxf3 Rxd8 16. f5 Nf8 17. f6 $14) 14... Qxe7 15. Bxg6 $1 {
The point is to obtain a strong knight vs a "bad" bishop. However not
everything is so simple. White shouldn't forget about weakness of the d4-pawn
after e4 and also the fact that while the knight on d6 Black can always play
f6.} (15. e4 Qb4 $5 (15... f6 {is dangerous in view of} 16. exd5 fxe5 17. Qe3
exd4 18. Qxd4 {and White's pressurizing.}) 16. Ne2 dxe4 17. Bxe4 Qxb2) 15...
hxg6 ({In case of} 15... fxg6 $6 16. Qxf8+ Qxf8 17. Rxf8+ Kxf8 {White has an
extra pawn in the centre at the endgame.}) 16. e4 dxe4 ({Now} 16... f6 $2 {
loses a pawn.} 17. exd5 fxe5 18. Qxf8+ Qxf8 19. Rxf8+ Kxf8 20. Rf1+ Ke8 21.
dxe5) 17. Nxe4 Qh4 $2 {Formanek only helps me to regroup the pieces.} ({
Immediate} 17... Be6 $1 {was necessary. Although after} 18. Nd6 {White
should've been better.}) 18. Qe3 Be6 19. Rf4 Qh6 $2 {Beginning of the end.
This move loses at least a pawn.} (19... Qe7 $142) 20. Qg3 Qh5 $2 {loses on
the spot.} (20... g5 $1 {was Black's last hope.} {However after} 21. Nxg5 {
he's a pawn down without any compensation.}) 21. Rh4 $1 {This looks more
flexible than 21.Ng5, which in fact, also wins.} (21. Ng5 $5 Qe2 22. Rh4 $1 {
with the idea Re1.} Rfe8 23. Nxe6 fxe6 (23... Rxe6 24. Qh3) 24. Qxg6) 21... Qe2
22. Re1 $1 {Before launching a decisive wave of attack White brings his last
piece into play.} (22. Ng5 {transposes into 21.Ng5.}) 22... Qxb2 ({Doesn't save
} 22... Qc4 23. Qe3 $1 {[%cal Ge4f6]} Rfd8 ({or} 23... f6 24. exf6 $1 gxf6 $140
25. Nd6 $18) 24. Nf6+ Kf8 (24... gxf6 25. Qh6 Qxd4+ 26. Rxd4 Rxd4 27. exf6 {
and mate on the next move.}) 25. d5 $3 Qxh4 $140 26. Qc5+ Rd6 27. Qxd6#) 23.
Ng5 $1 $18 Rad8 $2 {Black misses mate in three. Although even after the best} (
23... Rfe8 {he's doomed.} 24. Nxe6 $1 Rxe6 (24... fxe6 25. Qxg6 $18 {with
decisive threats.}) 25. Qh3 $1 {The key-move which brings the win.} f5 26. Rh8+
Kf7 27. Rxa8 {and White wins.}) 24. Rh8+ (24. Rh8+ Kxh8 25. Qh4+ Kg8 26. Qh7#)
1-0

[Event "Windesheim op"]
[Site "Zwolle"]
[Date "2003.03.08"]
[Round "4"]
[White "Milov, Vadim"]
[Black "Meijers, Viesturs"]
[Result "1-0"]
[WhiteElo "2592"]
[BlackElo "2496"]
[Annotator "Milov,V"]
[PlyCount "107"]
[EventDate "2003.03.07"]
[EventType "swiss"]
[EventRounds "6"]
[EventCountry "NED"]
[SourceTitle "CBM 094"]
[Source "ChessBase"]
[SourceDate "2003.05.26"]
[SourceVersion "1"]
[SourceVersionDate "2003.05.26"]
[SourceQuality "1"]

1. d4 d5 2. c4 e6 3. Nc3 Nf6 4. cxd5 exd5 5. Bg5 Be7 6. e3 O-O 7. Bd3 Nbd7 8.
Nge2 b6 {instead of switching to the normal carlsbad structure by playing 8...
c6, Black chooses to put his bishop on b7 and tries to prepare c7-c5 in the
future.} 9. O-O Bb7 10. Ng3 $146 {the knight is on its way to f5.} (10. Rc1 $5
a6 11. Bb1 Re8 12. Bh4 Nf8 13. Nf4 Ne4 14. Bg3 Nxg3 15. hxg3 Qd7 16. a3 g6 17.
Qb3 $14 {1-0 Bekker Jensen,D-Meijers,V/Kiel 2001/EXT 2003 (28)}) 10... Ne4 11.
Bf4 (11. Bxe4 $5 dxe4 12. Bxe7 Qxe7 13. Qg4 Nf6 (13... g6 14. Qf4 Nf6 15. Rac1
$14) 14. Qxg7+ Kxg7 15. Nf5+ Kg6 16. Nxe7+ Kg5 17. h4+ Kxh4 18. f3 $14) 11...
Nxg3 12. Bxg3 a6 13. Qf3 $14 {White has an opening advantage mainly because
the Black`s light-squared bishop is unfortunately placed.} Nf6 14. Be5 {
this wasn`t necessary} (14. Rac1 $142) 14... g6 15. Rac1 Ne8 16. Rfd1 (16. Ne2
f6 17. Bg3 f5 18. Bb1 $14) 16... f6 17. Bg3 f5 18. Bc4 c6 19. Bb3 Bd6 20. Ne2
Bxg3 21. hxg3 (21. Qxg3 $14) 21... Nf6 22. Nf4 Qe7 23. Nd3 $2 {underestimating
Black`s play} (23. Qe2 Rae8 24. Re1 Ng4 25. Qd2 $14) 23... Ng4 $1 {[%cal Re7g5,
Rg5h5,Rh5h2] suddenly Black is ready to create threats against the white king.}
24. Re1 Kh8 25. Ba4 Rac8 26. b4 Rf6 (26... Qg5 27. Nf4 Qh6 28. Nh3 $14) 27. Rc3
Qf8 28. Rec1 Qh6 29. Nf4 b5 30. Bb3 Qh2+ 31. Kf1 Rg8 32. Ke2 g5 33. Nd3 Re8 34.
Kd2 $16 {somehow the king managed to escape to the other side of the board.}
Nh6 35. Re1 Nf7 36. Rcc1 g4 37. Qf4 Qxg2 38. e4 $1 {the idea of this move is
to block the way back for the Black`s queen.} (38. Nc5 {would`ve also been
enough} Bc8 (38... Nd6 39. Ke2) 39. Ke2 $16) 38... dxe4 (38... Rxe4 39. Qb8+
Kg7 40. Rg1 Qh2 (40... Qf3 41. Bd1) 41. Rh1 Qg2 42. Rcg1 Qf3 43. Bd1 $18) 39.
Bxf7 $1 Rxf7 40. Ne5 Rg7 (40... Rfe7 41. Ke3) (40... Rxe5 41. dxe5 (41. Qxe5+)
41... Rd7+ 42. Ke2 $18) 41. Ke3 $1 $18 {[%csl Rb7,Rg2] /\42.Rg1. This position
I had in mind when playing 38.e4. Black`s queen is trapped.} (41. Rg1 e3+)
41... Rxe5 42. dxe5 Qf3+ 43. Qxf3 gxf3 44. Kf4 Kg8 45. e6 Kf8 46. Red1 Ke8 47.
Rd6 Rc7 48. Rc5 Ke7 49. Rd7+ Rxd7 50. exd7 Kxd7 51. Rxf5 c5 52. Rxc5 Kd6 53.
Rh5 Bd5 54. Rh6+ 1-0